Apulanta biisit - Statistics

General Stats
  • This quiz has been taken 13 times
  • The average score is 31 of 259
Answer Stats
Hint Answer % Correct
Hiekka Hiekka
70%
Sielun kaltainen tuote Lokin päällä lokki
70%
Aivan Kuin Kaikki Muutkin 007/Teit meistä kauniin
60%
Kolme Mato
60%
Ehjä Mitä Kuuluu
60%
Kunnes siitä tuli totta Valot pimeyksien reunoilla
60%
Kolme Anna mulle piiskaa
50%
Kiila Armo
50%
Plastik Odotus
50%
Kiila Pahempi toistaan
50%
Kuutio (Kuinka aurinko voitettiin) Ravistettava ennen käyttöä
50%
Singlet 1998-2003 puuttuvat Teit meistä kauniin
50%
Kaikki kolmesta pahasta Aggressio
40%
Kolme Hemi
40%
Attack Of The A.L People Ilona
40%
Hiekka Jumala
40%
Eikä vielä ole edes ilta Koneeseen kadonnut
40%
Plastik Maanantai
40%
Aivan Kuin Kaikki Muutkin 001
30%
Aivan Kuin Kaikki Muutkin 002
30%
Aivan Kuin Kaikki Muutkin 003
30%
Aivan Kuin Kaikki Muutkin 004
30%
Aivan Kuin Kaikki Muutkin 005
30%
Aivan Kuin Kaikki Muutkin 006
30%
Aivan Kuin Kaikki Muutkin 008/Hallaa
30%
Singlet 1993-1997 puuttuvat Ahdistaa
30%
Singlet 1998-2003 puuttuvat Amerika
30%
Kolme Liikaa
30%
Heinola 10 Muistijäljet
30%
Heinola 10 Ruhtinaat
30%
Singlet 2004-2009 puuttuvat Vasten mun kasvojani
30%
Aivan Kuin Kaikki Muutkin 0010/Kaupungissa
20%
Aivan Kuin Kaikki Muutkin 009/Tex mex cowboy
20%
Sielun kaltainen tuote 9 Väärää kättä
20%
Attack Of The A.L People Ei Oo Mukavaa
20%
Plastik Ei yhtään todistajaa
20%
Ehjä En Voi Auttaa
20%
Singlet 1993-1997 puuttuvat Etsitään
20%
Hiekka Faarao
20%
Singlet 1993-1997 puuttuvat Irrotetaan käsi
20%
Singlet 1998-2003 puuttuvat Japa japa jaa
20%
Singlet 1993-1997 puuttuvat Jyvät
20%
Heinola 10 Kadut
20%
Kolme Kalamiehen toveri
20%
Kolme Kilpikonna
20%
Hiekka Kolmiolääke
20%
Attack Of The A.L People Kristalliprinsessa
20%
Plastik Maailmanpyörä
20%
Attack Of The A.L People Miks ei Uni Tuu
20%
Kolme Mitä vaan
20%
Ehjä Nevermind the cowboys Heres the real russians
20%
Make nu metal great again puuttuvat Numero
20%
Kolme Paha paha asia
20%
Attack Of The A.L People Päivästä Toiseen
20%
Kaikki kolmesta pahasta Pihtiote
20%
Ehjä Poistuisitko Mun Elämästä
20%
Ehjä Pöljä
20%
Singlet 2004-2009 puuttuvat Punainen helvetti
20%
Ehjä PVC-Unelmia
20%
Heinola 10 Reunalla(t)
20%
Sielun kaltainen tuote Sielun kaltainen tuote
20%
Attack Of The A.L People Silmämuna
20%
Ehjä Silti Onnellinen
20%
Plastik Terä
20%
Eikä vielä ole edes ilta Trauma
20%
Eikä vielä ole edes ilta Viisaus ei asu meissä
20%
Heinola 10 Viivakoodit
20%
Kolme Voiko tämä olla mahdollista
20%
Kaikki kolmesta pahasta Zombeja
20%
Sielun kaltainen tuote 3D-kriisit
10%
Sielun kaltainen tuote 60 uutta ongelmaa
10%
Singlet 1993-1997 puuttuvat Ahdistaa live
10%
Attack Of The A.L People Aurinkoon
10%
Apulanta import Bring me down
10%
Apulanta import Circles
10%
Ehjä DeeBee
10%
Sielun kaltainen tuote Diagnoosi
10%
Viper spank Drown
10%
Singlet 1993-1997 puuttuvat Ei jaksa naurattaa
10%
Singlet 1993-1997 puuttuvat Ei ne voi sua määrätä
10%
Singlet 1993-1997 puuttuvat Ei tänään
10%
2018 Elämänpelko
10%
Singlet 1993-1997 puuttuvat Elli
10%
Singlet 1993-1997 puuttuvat En voi auttaa akustinen demo
10%
Apulanta import Falling
10%
Singlet 1998-2003 puuttuvat Hallaa
10%
Singlet 2004-2009 puuttuvat Harmaa
10%
Heinola 10 (Heinolan) kaksoishuiput
10%
Apulanta import Hell yeah
10%
Hiekka Hetki
10%
Hiekka Hippo
10%
Apulanta import Hours
10%
Apulanta import Human desert
10%
Kolme Huomenna
10%
Kaikki kolmesta pahasta Ihme
10%
Singlet 1998-2003 puuttuvat Ihmemaa
10%
Apulanta import Incomplete
10%
Attack Of The A.L People Itkeväthän Enkelitkin
10%
Ehjä Jos Tahdot Niin
10%
Plastik Käännä se pois
10%
Singlet 1998-2003 puuttuvat Käännä se pois live
10%
Heinola 10 Käärmeet
10%
Kaikki kolmesta pahasta Kahdesta pahasta molemmat
10%
Eikä vielä ole edes ilta Kaivo
10%
Eikä vielä ole edes ilta Karman laina
10%
Attack Of The A.L People Kelpaanhan Rakkaani
10%
Heinola 10 Kirveltäjät
10%
Attack Of The A.L People Kolme Vuotta (mennään naimisiin)
10%
Singlet 2004-2009 puuttuvat Kumi nahka piiska
10%
Kiila Kuollakseen elossa
10%
Singlet 1998-2003 puuttuvat Kusen tulta
10%
Kuutio (Kuinka aurinko voitettiin) Kuution palaset
10%
Ehjä Kymmenen Ylöspäin
10%
Singlet 1993-1997 puuttuvat Kymmenen ylöspäin live
10%
Melkein vieraissa Lähetyssaarnaaja
10%
Hiekka Lihaviihde
10%
Kunnes siitä tuli totta Loppunäytös
10%
Singlet 1993-1997 puuttuvat Lupasit mulle
10%
Singlet 1993-1997 puuttuvat Lupasit mulle akustinen demo
10%
Kolme Lupaus
10%
Singlet 1993-1997 puuttuvat Mä haluun vaan rakastaa
10%
2013 Mä nauran tälle
10%
Ehjä Mennään Eläintarhaan
10%
Ehjä Minä Olen Voittaja
10%
Singlet 1998-2003 puuttuvat Mitään/ketään
10%
Ehjä Multa Lähtee Järki
10%
Attack Of The A.L People Mun Täytyy Mennä
10%
Attack Of The A.L People Nähdään Lauantaina
10%
Eikä vielä ole edes ilta Näytelmä
10%
Eikä vielä ole edes ilta Nimensä alle
10%
Plastik Noidanmetsästäjä
10%
Singlet 1998-2003 puuttuvat Nukuttaja
10%
Singlet 1993-1997 puuttuvat Ohi on
10%
Hiekka Onttosydän
10%
Kaikki kolmesta pahasta Paaso
10%
Kaikki kolmesta pahasta Paju (miran kanssa)
10%
Singlet 1993-1997 puuttuvat Perhosia masussa
10%
Kolme (bonus) Piilo
10%
2013 Poltettu karma
10%
Singlet 1998-2003 puuttuvat Rai rai rai
10%
Singlet 1998-2003 puuttuvat Rantavahdit
10%
Hiekka Saasta
10%
Singlet 1998-2003 puuttuvat Sait aivan liikaa
10%
Singlet 1993-1997 puuttuvat Se johtuu geeneistä
10%
Singlet 1993-1997 puuttuvat Sellainen tyttö (aah)
10%
Apulanta import Snakes
10%
Viper spank Spank me
10%
Singlet 1993-1997 puuttuvat S.S kerho
10%
2015 Sun kohdalla
10%
Kunnes siitä tuli totta Sun pitäis luovuttaa
10%
Singlet 1993-1997 puuttuvat Systeemi kusee
10%
Plastik Tervetuloa
10%
Heinola 10 Timantit
10%
Kolme Todella jossain
10%
Kaikki kolmesta pahasta Toinen henki
10%
2018 Toinen jumala
10%
Eikä vieläkään ole edes ilta Tornion kevät live
10%
Singlet 1998-2003 puuttuvat Tuhka ja veri
10%
Singlet 1998-2003 puuttuvat Tulva
10%
Heinola 10 Tunnit
10%
Plastik Turvallista matkaa helvettiin
10%
Apulanta import Twin peaks
10%
Plastik Tyhjää ikkunassa
10%
Singlet 1998-2003 puuttuvat Unenkansa
10%
Kiila Usko
10%
Kaikki kolmesta pahasta Vääryyttä
10%
Oire jostakin Vaatteet ja iho
10%
Eikä vielä ole edes ilta Väistö
10%
Hiekka Valas
10%
Attack Of The A.L People Valokuva
10%
Kuutio (Kuinka aurinko voitettiin) Vauriot
10%
Singlet 1993-1997 puuttuvat Veritahrat (english mix)
10%
Singlet 1998-2003 puuttuvat Vihollinen
10%
Torremolinos EP Viva la torremolinos (millenium)
10%
Apulanta import Within
10%
Eikä vielä ole edes ilta Ylijäämävalumaa
10%
Singlet 2004-2009 puuttuvat Aamen
0%
Oire jostakin Aina
0%
Kuutio (Kuinka aurinko voitettiin) Airut
0%
Singlet 1998-2003 puuttuvat Avaruuden syklissä
0%
Oire jostakin Blääh
0%
Viper spank Blind eye
0%
Viper spank Days
0%
Viper spank Disco
0%
Viper spank Dishonesty
0%
Eikä vielä ole edes ilta Eikä vielä ole edes ilta
0%
Eikä vieläkään ole edes ilta Ei yhtään todistajaa live
0%
Kuutio (Kuinka aurinko voitettiin) Elämänviiva
0%
Sata salamasotaa Elli 96
0%
Viper spank Fall out
0%
Kuutio (Kuinka aurinko voitettiin) Freestylemeikit
0%
Singlet 1998-2003 puuttuvat Hidas-demo
0%
Singlet 2004-2009 puuttuvat Höyryksi ilmassa
0%
Eikä vieläkään ole edes ilta Intro live
0%
Singlet 2004-2009 puuttuvat Jäätyneiden kaupunki
0%
Singlet 2004-2009 puuttuvat Jälki
0%
Liikaa Jenna karaoke mix
0%
Kunnes siitä tuli totta Käärmeöljy
0%
Kuutio (Kuinka aurinko voitettiin) Kaikki sun pelkosi
0%
Eikä vieläkään ole edes ilta Kaivo live
0%
Eikä vieläkään ole edes ilta Kalamiehen toveri live
0%
Sielun kaltainen tuote Kämmenen kuva poskeen
0%
Eikä vieläkään ole edes ilta Karman laina live
0%
Kiila Kaukaa lähelle
0%
Singlet 1998-2003 puuttuvat Kiertolainen
0%
Kuutio (Kuinka aurinko voitettiin) Kirous
0%
Eikä vieläkään ole edes ilta Koneeseen kadonnut live
0%
Make nu metal great again puuttuvat Lasitalot
0%
Kiila Laululintu
0%
Singlet 2004-2009 puuttuvat Likainen vesi
0%
Torremolinos EP Matkalla minne vaan
0%
Singlet 1998-2003 puuttuvat Mato live
0%
Make nu metal great again puuttuvat Mato live hartwall arena 2019
0%
Kunnes siitä tuli totta Miinus nolla
0%
Eikä vieläkään ole edes ilta Minä olen voittaja live
0%
Sielun kaltainen tuote Morfiini
0%
Singlet 2004-2009 puuttuvat Näkysi muotoinen
0%
Eikä vieläkään ole edes ilta Näytelmä live
0%
Singlet 1998-2003 puuttuvat Neliöjuuri
0%
Kaikki kolmesta pahasta Nimet ja päivämäärät
0%
Eikä vieläkään ole edes ilta Odotus live
0%
Torremolinos EP Pääkallokiitäjä
0%
Singlet 1998-2003 puuttuvat Paha hedelmä
0%
Singlet 2004-2009 puuttuvat Paha ihminen
0%
Kuutio (Kuinka aurinko voitettiin) Pakkomielle
0%
Kiila Pala siitä
0%
Kunnes siitä tuli totta Palava pensas
0%
Singlet 1998-2003 puuttuvat Paska meininki (ässä hihassa)
0%
Singlet 1998-2003 puuttuvat Pirun morsian
0%
Kuutio (Kuinka aurinko voitettiin) Puolet
0%
Kiila Routa
0%
Singlet 2004-2009 puuttuvat Sellaiset kun itse olen
0%
Kunnes siitä tuli totta Sensaatio
0%
Singlet 2004-2009 puuttuvat Sisälle puhtauteen
0%
Kunnes siitä tuli totta Styranki
0%
Kunnes siitä tuli totta Sun kohdalla - albumi versio
0%
Singlet 2004-2009 puuttuvat Syntisten pelastaja
0%
Kiila Syöpä
0%
Singlet 1998-2003 puuttuvat Teenangel
0%
Viper spank Ten
0%
Viper spank The witch hunter
0%
2015 Tivoli
0%
Eikä vieläkään ole edes ilta Trauma live
0%
Singlet 2004-2009 puuttuvat Tyttö heikoilla
0%
Eikä vieläkään ole edes ilta Unenkansa live
0%
Eikä vieläkään ole edes ilta Väistö live
0%
Sielun kaltainen tuote Valoksi varjoille
0%
Kiila Valon juuri
0%
Torremolinos EP Vapaata pudotusta
0%
Singlet 1998-2003 puuttuvat Vastaus kaikkeen
0%
Singlet 2004-2009 puuttuvat Väsynyt - ei onnellinen
0%
Kunnes siitä tuli totta Viime vuoden marraskuuhun
0%
Eikä vieläkään ole edes ilta Viisaus ei asu meissä live
0%
Singlet 1998-2003 puuttuvat Voimaa
0%
Viper spank Waiting for the cavalry
0%
Kaikki kolmesta pahasta Yhdestoista marssi
0%
Kaikki kolmesta pahasta Yksinkertainen
0%
Singlet 2004-2009 puuttuvat Yksi toisensa jälkeen
0%
Eikä vieläkään ole edes ilta Ylijäämävalumaa live
0%
No matching quizzes found
Score Distribution
Percent of People with Each Score
Percentile by Number Answered
Your Score History
You have not taken this quiz